Mondialisation et droit international (notice n° 1603527)

détails MARC
000 -LEADER
fixed length control field 02222cam a2200169 4500500
005 - DATE AND TIME OF LATEST TRANSACTION
control field 20251228092700.0
041 ## - LANGUAGE CODE
Language code of text/sound track or separate title fre
042 ## - AUTHENTICATION CODE
Authentication code dc
100 10 - MAIN ENTRY--PERSONAL NAME
Personal name Kolb, Robert
Relator term author
245 00 - TITLE STATEMENT
Title Mondialisation et droit international
260 ## - PUBLICATION, DISTRIBUTION, ETC.
Date of publication, distribution, etc. 2005.<br/>
500 ## - GENERAL NOTE
General note 76
520 ## - SUMMARY, ETC.
Summary, etc. Mondialisation et droit internationalL’évolution du droit international a montré depuis plus de cent ans deux modalités d’ouverture vers des facteurs d’ « interdépendance ». D’abord un mouvement vers l’universalisation ratione personae et materiae du droit, en incluant en son sein de nouvelles personnes dotées de droits et de devoirs ainsi qu’en couvrant une série de nouvelles matières. Mais il a aussi subi un mouvement de mondialisation consistant en ceci que l’écran entre la société interne et la société internationale a progressivement été estompé et qu’il y a de larges pans du droit qui se recomposent en des ensembles nouveaux fusionnant du droit interne et du droit international et constituant ainsi une espèce de droit transnational mondial auquel participent des millions d’acteurs de la société civile. Il se constitue là une espèce de droit fédéral mondial sans fédération politique.
520 ## - SUMMARY, ETC.
Summary, etc. Mondialisation et droit internationalInternational law in the last two centuries evolved towards a better reflection of interdependence. First, it went its way towards a universal system by including new subjects of the law and by covering a whole range of new fields. Second, it was subjected to the forces of globalization by piercing progressively the screen separating international law from national law. Thus, new areas of the law constituted themselves by way of a complex blend of internal and international law. One can therefore speak of the emergence of a new type of transnational law in which millions of actors of civil society are participating. Hence, a sort of world federal law is taking shape, but it remains devoid of any type of political federalism.
786 0# - DATA SOURCE ENTRY
Note Relations internationales | 123 | 3 | 2005-09-01 | p. 69-86 | 0335-2013
856 41 - ELECTRONIC LOCATION AND ACCESS
Uniform Resource Identifier <a href="https://shs.cairn.info/revue-relations-internationales-2005-3-page-69?lang=fr&redirect-ssocas=7080">https://shs.cairn.info/revue-relations-internationales-2005-3-page-69?lang=fr&redirect-ssocas=7080</a>

Pas d'exemplaire disponible.

PLUDOC

PLUDOC est la plateforme unique et centralisée de gestion des bibliothèques physiques et numériques de Guinée administré par le CEDUST. Elle est la plus grande base de données de ressources documentaires pour les Étudiants, Enseignants chercheurs et Chercheurs de Guinée.

Adresse

627 919 101/664 919 101

25 boulevard du commerce
Kaloum, Conakry, Guinée

Réseaux sociaux

Powered by Netsen Group @ 2025